O velho Senado / (Record no. 1544)
[ view plain ]
| 000 -LÍDER | |
|---|---|
| Campo Fixo de Controle | 00898nam a2200241 a 4500 |
| 001 - NÚMERO DE CONTROLE | |
| Campo de Controle | 1544 |
| 003 - IDENTIFICAÇÃO DO NÚMERO DE CONTROLE | |
| Campo de Controle | BR-CuiBMT |
| 005 - DATA E HORA DA ÚLTIMA ATUALIZAÇÃO | |
| Campo de Controle | 20231214223259.0 |
| 008 - DADOS FIXOS | |
| Dados Fixos | 231205s2010 dfb 000 0 por d |
| 040 ## - AGÊNCIA CATALOGADORA | |
| Código da Agência Catalogadora | BR-CuiBMT |
| Agência que transcreveu o registro | BR-CuiBMT |
| 080 ## - Nº DA CLASSIFICAÇÃO DECIMAL UNIVERSAL | |
| Nº Class. CDU | 821.134.3 |
| Subd. Auxiliar Comum | (81)-82:056-262 |
| Nº edição CDU | 2007 |
| 090 ## - NÚMERO DE CHAMADA | |
| Complemento | Braile |
| Nº classificação | 821.134.3(81)-82:056-262 |
| Cutter | A848v |
| 100 1# - ENTRADA PRINCIPAL -- AUTOR PESSOAL | |
| Nome pessoal | Assis, Machado de, |
| Datas associadas ao nome | 1839-1908 |
| 245 12 - TÍTULO PRINCIPAL | |
| Título principal | O velho Senado / |
| Indicação de responsabilidade | Machado de Assis. |
| Meio (DGM) | [braile]. |
| 260 ## - PUBLICAÇÃO, DISTRIBUIÇÃO, ETC. | |
| Local de publicação | Brasília : |
| Editora | Senado Federal, |
| Data | 2010. |
| 300 ## - DESCRIÇÃO FÍSICA | |
| N. páginas ou volumes | [56 p.] : |
| Dimensões | 28 cm |
| 500 ## - NOTAS GERAIS | |
| Notas gerais | Transcrito em volume único para o sistema Braile pela Secretaria especial de editoração e publicações do Senado Federal. |
| 504 ## - NOTA DE BIBLIOGRAFIA, ETC. | |
| Nota de bibliografia | Inclui bibliografia. |
| 650 ## - ASSUNTO TÓPICO | |
| Cabeçalho tópico ou nome geográfico | Literatura brasileira |
| Subdivisão geral | Antologias |
| Subdivisão de forma | Braile |
| 650 ## - ASSUNTO TÓPICO | |
| Cabeçalho tópico ou nome geográfico | Literatura Brasileira |
| Subdivisão geral | Educação de cegos |
| Subdivisão de forma | Braile |
| 650 ## - ASSUNTO TÓPICO | |
| Cabeçalho tópico ou nome geográfico | Literatura brasileira |
| Subdivisão geral | Crônicas |
| Subdivisão de forma | Braile |
| 942 ## - ELEMENTOS DE ENTRADA ADICIONAIS (KOHA) | |
| Fonte de classificação ou esquema de arquivamento | Classificação Decimal Universal |
| Tipo de item do Koha | Livros |
| Estado: removido | Estado: perdido | Fonte de classificação ou esquema de arquivamento | Estado: danificado | Indisponível para empréstimo | Localização permanente | Localização atual | Data de aquisição | Total Checkouts | Número de Chamada completo | Código de barras | Date last seen | Número do exemplar | Preço efetivo a partir de | Tipo de item (Koha) |
|---|---|---|---|---|---|---|---|---|---|---|---|---|---|---|
| Classificação Decimal Universal | Biblioteca da Escola Superior de Contas do TCE/MT | Biblioteca da Escola Superior de Contas do TCE/MT | 14/12/2023 | Braile 821.134.3(81)-82:056-262 A848v | BIBTCEMT23120520 | 14/12/2023 | Ex. 1 | 14/12/2023 | Livros |